Microeconomía (Registro nro. 4021)

Detalles MARC
000 -LEADER
fixed length control field 00979 a2200217 4500
001 - CONTROL NUMBER
control field 45839
005 - DATE AND TIME OF LATEST TRANSACTION
control field 20260407155730.0
008 - FIXED-LENGTH DATA ELEMENTS--GENERAL INFORMATION
fixed length control field 260407a1969 arg spa d
003 - CONTROL NUMBER IDENTIFIER
control field AR-UNSa-BCEJYS
040 ## - CATALOGING SOURCE
Original cataloging agency AR-UNSa-BCEJYS
Language of cataloging spa
Transcribing agency AR-UNSa-BCEJYS
080 ## - UNIVERSAL DECIMAL CLASSIFICATION NUMBER
Universal Decimal Classification number 330.101.542
Common auxiliary subdivision Microeconomía
100 1# - MAIN ENTRY--PERSONAL NAME
Personal name Boop, Roberto
245 10 - TITLE STATEMENT
Title Microeconomía
264 #1 - PRODUCTION, PUBLICATION, DISTRIBUTION, MANUFACTURE, AND COPYRIGHT NOTICE
Place of production, publication, distribution, manufacture Buenos Aires :
Name of producer, publisher, distributor, manufacturer Amorrortu Editores
Date of production, publication, distribution, manufacture, or copyright notice 1969
300 ## - PHYSICAL DESCRIPTION
Extent xiv, 445 p.
Dimensions 23 cm.
505 ## - FORMATTED CONTENTS NOTE
Formatted contents note Parte I: Introducción: 1. Naturaleza y función de la teoría económica – Parte II: Estática microeconómica competitiva: 2. Consumo – 3. Intercambio competitivo – 4. Producción – 5. Equilibrio general competitivo – 6. Nueva economía del bienestar – Parte III: Monopolio y competencia imperfecta: 7. Monopolio – 8. Competencia imperfecta – 9. Teoría de los juegos –
590 ## - LOCAL NOTE (RLIN)
Local note niveau_biblio:m niveau_hierar:0
700 1# - ADDED ENTRY--PERSONAL NAME
Personal name Vickery, William
700 1# - ADDED ENTRY--PERSONAL NAME
Personal name Fernández López, Manuel
942 ## - ADDED ENTRY ELEMENTS (KOHA)
Koha item type
Existencias
Withdrawn status Lost status Damaged status Not for loan Home library Current library Shelving location Date acquired Total checkouts Full call number Barcode Date last seen Price effective from Koha item type
        Biblioteca Prof. Eusebio Cleto del Rey Biblioteca Prof. Eusebio Cleto del Rey   07/04/2026   330.101.542 V636 L21833 07/04/2026 07/04/2026 Libro
        Biblioteca Prof. Eusebio Cleto del Rey Biblioteca Prof. Eusebio Cleto del Rey   07/04/2026   330.101.542 V636 L21919 07/04/2026 07/04/2026 Libro